000 00898nas a2200301 4500
001 BR7701530
003 BR-BrBNA
005 20231205083132.0
007 ta
008 230509b bl.|||p| |||| 00| 00por d
040 _aBR-BrBNA
_bpor
_cBiblioteca Nacional de Agricultura
041 _a(Pt)
072 _aF00
100 1 _aReis, M.S.
100 1 _aVieira, C.
100 1 _aSediyama, C.S.
100 1 _aAndrade, A.M.S.
100 1 _aAlmeida Filho, J. de
100 1 _aBraga, J.M.
245 1 _aComportamento de duas variedades de soja em diferentes espacamentos de plantio e niveis de adubacao no Triangulo Mineiro
650 _aSOJA
650 _aESPACAMENTO
650 _aADUBACAO
650 _aMINAS GERAIS
773 0 _tRevista Ceres (Brazil)
_xISSN 0034-737X
_g(May 1977), v. 24(133) p. 306-337
_wBR7701530
909 _a202311
_bLúcia
_c55
_dLúcia Elande
942 _2AGRIS
_n0
_cANA
999 _c96650
_d96650